Music Quiz

Random Music or Album Quiz

Van Halen Albums Quiz Stats

 Plays Quiz Updated Jan 17, 2020

Support Sporcle.
Go Orange.
Score 0/12 Timer 03:00
1 Play Today
Year Title % Correct
1978Van Halen
96.2%
1979Van Halen II
87%
19841984
86.5%
1982Diver Down
72.4%
19865150
66.8%
1998Van Halen III
66.3%
1988OU812
64.7%
1980Women and Children First
64.2%
1991For Unlawful Carnal Knowledge
57.1%
1981Fair Warning
47.6%
1995Balance
40.8%
2012A Different Kind of Truth
36.4%

From the Vault

Three Letter 'L' Words

by Chenchilla

In case you are wondering, LOL is not a word. Don't even try.
Remove Ads.
Support Sporcle.
Get the best of Sporcle when you Go Orange. This ad-free experience offers more features, more stats, and more fun while also helping to support Sporcle. Thank you for becoming a member.

Show Comments

Extras

Top Quizzes Today


Score Distribution

Your Account Isn't Verified!

In order to create a playlist on Sporcle, you need to verify the email address you used during registration. Go to your Sporcle Settings to finish the process.

Report this User

Report this user for behavior that violates our Community Guidelines.

Details: